000 01156nam a2200241 i 4500
001 161292
003 ES-MaACL
005 20241214063030.0
008 981117q1639 sp a |||| | spa d
100 1 _aPalafox y Mendoza, Juan de,
_d1600-1659
_9239354
245 1 0 _aSitio y socoro [sic] de Fuenterabia [sic], y sucesos del año de mil y seiscientos y treinta y ocho /
_c[Juan Palafox y Mendoza, obispo de Osma].
246 3 _aSitio y socorro de Fuenterrabía, y sucesos del año de 1638
260 _a[Madrid :
_bs.n.,
_c1639]
300 _a[3], 450 p. :
_bil. ;
_c4º (21 cm)
510 4 _aEncabezamiento tomado de Palau
530 _aDisponible en formato digital.
597 _aSign.: [ ]1, [calderón]1, A-Z4, 2A-2Z4, 3A-3K4, 3L1.
597 _aCada p. enmarcada con doble fileteado.
651 4 _aHondarribia-
_xHistoria-
_y1638 (Sitio)
_9147617
852 _aES-MaACL
_jR-3428
_z- Enc. hol.
_z- Ex-libris ms. del Convento de los Carmelitas Descalzos de Tudela
_x- Olim: C-3798
856 _uhttps://bvpb.mcu.es/es/consulta/registro.do?id=404548
_zBiblioteca Virtual del Patrimonio Bibliográfico
999 _c161292
_d161292